000 01441cam a22003138i 4500
001 22491909
003 EG-ScBUE
005 20250223092503.0
008 220404s2023 nyu f b 001 0 eng d
020 _a9781032122595
040 _aDLC
_beng
_erda
_cDLC
_dEG-ScBUE
082 0 4 _a658.404
_222
_bIGB
100 1 _aIgberaese, Davies A.,
_eauthor.
245 1 0 _aIntroduction to project management :
_ba source book for traditional PM basics /
_cDavies A. Igberaese.
264 1 _aNew York, NY :
_bRoutledge,
_c2023.
300 _a270 pages ;
_c24 cm
336 _atext
_btxt
_2rdacontent
337 _aunmediated
_bn
_2rdamedia
338 _avolume
_bnc
_2rdacarrier
504 _aIncludes bibliographical references and index.
520 _a"This book presents the fundamentals of project management in simple language and an easy-to-understand format. It is targeted principally at those who are learning or desiring to learn project management as well as those who are already taking project management as a course of study or as a profession"--
_cProvided by publisher.
650 7 _aProject management.
_2BUEsh
653 _cFebruary2025
_bBUSECO
655 _vReading book
776 0 8 _iOnline version:
_aIgberaese, Davies A.
_tIntroduction to project management
_dNew York, NY : Routledge, 2023
_z9781003230649
_w(DLC) 2022011064
906 _a7
_bcbc
_corignew
_d1
_eecip
_f20
_gy-gencatlg
942 _2ddc
_cBB
999 _c30904
_d30875